Statistics for Every Opening match in WrestleMania History

Click here to take the quiz!

General Stats

  • This quiz has been taken 295 times
    (38 since last reset)
  • The average score is 92 of 147

Answer Stats

WrestleManiaMatch TypeTitleWrestler% Correct
38 (2022, Night 2)Triple Threat Tag Team matchRaw Tag Team TitlesRandy Orton
100%
29 (2013)6-Man Tag Team matchRandy Orton
100%
23 (2007)Money in the Bank Ladder matchRandy Orton
100%
37 (2021, Night 2)Randy Orton
100%
III (1987)Tag Team matchBob Orton
96%
32 (2016)7-Man Ladder matchIntercontinental TitleThe Miz
96%
XXVI (2010)Tag Team matchUnified Tag Team TitlesThe Miz
96%
34 (2018)Triple Threat matchIntercontinental TitleThe Miz
96%
39 (2023, Night 2)Brock Lesnar
92%
35 (2019)Universal TitleBrock Lesnar
92%
XXVIII (2012)World Heavyweight TitleDaniel Bryan
92%
XXX (2014)Daniel Bryan
92%
31 (2015)7-Man Ladder matchIntercontinental TitleDaniel Bryan
92%
29 (2013)6-Man Tag Team matchRoman Reigns
92%
XL (2024, Night 2)World Heavyweight TitleSeth Rollins
92%
34 (2018)Triple Threat matchIntercontinental TitleSeth Rollins
92%
29 (2013)6-Man Tag Team matchSeth Rollins
92%
35 (2019)Universal TitleSeth Rollins
92%
XXX (2014)Triple H
92%
29 (2013)6-Man Tag Team matchDean Ambrose
88%
XX (2004)United States TitleJohn Cena
88%
39 (2023, Night 1)United States TitleJohn Cena
88%
22 (2006)Tag Team matchWorld Tag Team TitlesKane
88%
XXV (2009)Money in the Bank Ladder matchKane
88%
22 (2006)Tag Team matchWorld Tag Team TitlesThe Big Show
88%
XX (2004)United States TitleThe Big Show
88%
XXVI (2010)Tag Team matchUnified Tag Team TitlesThe Big Show
88%
29 (2013)6-Man Tag Team matchThe Big Show
88%
36 (2020, Night 2)NXT Women's TitleCharlotte Flair
84%
23 (2007)Money in the Bank Ladder matchCM Punk
84%
XXV (2009)Money in the Bank Ladder matchCM Punk
84%
31 (2015)7-Man Ladder matchIntercontinental TitleDean Ambrose
84%
XL (2024, Night 2)World Heavyweight TitleDrew McIntyre
84%
37 (2021, Night 1)WWE ChampionshipDrew McIntyre
84%
XXVIII (2012)World Heavyweight TitleSheamus
84%
29 (2013)6-Man Tag Team matchSheamus
84%
XXVII (2011)World Heavyweight TitleAlberto Del Rio
80%
37 (2021, Night 1)WWE ChampionshipBobby Lashley
80%
23 (2007)Money in the Bank Ladder matchEdge
80%
XXVII (2011)World Heavyweight TitleEdge
80%
23 (2007)Money in the Bank Ladder matchJeff Hardy
80%
38 (2022, Night 1)Tag Team matchSmackdown Tag Team TitlesJey Uso
80%
38 (2022, Night 1)Tag Team matchSmackdown Tag Team TitlesJimmy Uso
80%
32 (2016)7-Man Ladder matchIntercontinental TitleKevin Owens
80%
23 (2007)Money in the Bank Ladder matchMatt Hardy
80%
XIX (2003)Cruiserweight TitleMatt Hardy
80%
XL (2024, Night 1)Women's World TitleRhea Ripley
80%
36 (2020, Night 2)NXT Women's TitleRhea Ripley
80%
37 (2021, Night 2)The Fiend
80%
XL (2024, Night 1)Women's World TitleBecky Lynch
76%
X-Seven (2001)Intercontinental TitleChris Jericho
76%
31 (2015)7-Man Ladder matchIntercontinental TitleDolph Ziggler
76%
32 (2016)7-Man Ladder matchIntercontinental TitleDolph Ziggler
76%
21 (2005)Rey Mysterio
76%
XIX (2003)Cruiserweight TitleRey Mysterio
76%
32 (2016)7-Man Ladder matchIntercontinental TitleSami Zayn
76%
33 (2017)AJ Styles
72%
36 (2020, Night 1)Tag Team matchWomen's Tag Team TitlesAsuka
72%
X (1994)Bret Hart
72%
21 (2005)Eddie Guerrero
72%
XXV (2009)Money in the Bank Ladder matchFinlay
72%
23 (2007)Money in the Bank Ladder matchFinlay
72%
XXIV (2008)Belfast Brawl matchFinlay
72%
XII (1996)6-Man Tag Team matchOwen Hart
72%
X (1994)Owen Hart
72%
XXVI (2010)Tag Team matchUnified Tag Team TitlesR-Truth
72%
31 (2015)7-Man Ladder matchIntercontinental TitleR-Truth
72%
VII (1991)Tag Team matchShawn Michaels
72%
32 (2016)7-Man Ladder matchIntercontinental TitleZack Ryder
72%
39 (2023, Night 1)United States TitleAustin Theory
68%
13 (1997)4-Team Elimination matchBlackjack Bradshaw
68%
XXIV (2008)Belfast Brawl matchJohn Bradshaw Layfield
68%
39 (2023, Night 2)Omos
68%
38 (2022, Night 2)Triple Threat Tag Team matchRaw Tag Team TitlesRiddle
68%
33 (2017)Shane McMahon
68%
VIII (1992)Shawn Michaels
68%
IX (1993)Intercontinental TitleShawn Michaels
68%
34 (2018)Triple Threat matchIntercontinental TitleFinn Balor
64%
XXVI (2010)Tag Team matchUnified Tag Team TitlesJohn Morrison
64%
XXV (2009)Money in the Bank Ladder matchKofi Kingston
64%
XXV (2009)Money in the Bank Ladder matchMVP
64%
36 (2020, Night 1)Tag Team matchWomen's Tag Team TitlesAlexa Bliss
60%
38 (2022, Night 2)Triple Threat Tag Team matchRaw Tag Team TitlesAngelo Dawkins
60%
38 (2022, Night 2)Triple Threat Tag Team matchRaw Tag Team TitlesChad Gable
60%
XXV (2009)Money in the Bank Ladder matchChristian
60%
31 (2015)7-Man Ladder matchIntercontinental TitleLuke Harper
60%
38 (2022, Night 2)Triple Threat Tag Team matchRaw Tag Team TitlesMontez Ford
60%
38 (2022, Night 2)Triple Threat Tag Team matchRaw Tag Team TitlesOtis
60%
XXV (2009)Money in the Bank Ladder matchShelton Benjamin
60%
38 (2022, Night 1)Tag Team matchSmackdown Tag Team TitlesShinsuke Nakamura
60%
22 (2006)Tag Team matchWorld Tag Team TitlesCarlito
56%
36 (2020, Night 1)Tag Team matchWomen's Tag Team TitlesKairi Sane
56%
23 (2007)Money in the Bank Ladder matchMr. Kennedy
56%
38 (2022, Night 1)Tag Team matchSmackdown Tag Team TitlesRick Boogs
56%
XIV (1998)Tag Team Battle Royal (winners only)Animal
52%
XIV (1998)Tag Team Battle Royal (winners only)Hawk
52%
XXV (2009)Money in the Bank Ladder matchMark Henry
52%
VII (1991)Tag Team matchMarty Jannetty
52%
31 (2015)7-Man Ladder matchIntercontinental TitleBad News Barrett
48%
XV (1999)Triple Threat matchHardcore TitleBilly Gunn
48%
16 (2000)Tag Team matchThe Big Boss Man
48%
VIII (1992)Tito Santana
48%
1 (1985)Tito Santana
48%
X8 (2002)Intercontinental TitleWilliam Regal
48%
X-Seven (2001)Intercontinental TitleWilliam Regal
48%
IV (1988)Battle Royal match (winner only)Bad News Brown
44%
22 (2006)Tag Team matchWorld Tag Team TitlesChris Masters
44%
16 (2000)Tag Team matchD'Lo Brown
44%
XV (1999)Triple Threat matchHardcore TitleHardcore Holly
44%
XII (1996)6-Man Tag Team matchJake Roberts
44%
23 (2007)Money in the Bank Ladder matchKing Booker
44%
X8 (2002)Intercontinental TitleRob Van Dam
44%
XV (1999)Triple Threat matchHardcore TitleAl Snow
40%
36 (2020, Night 1)Tag Team matchWomen's Tag Team TitlesNikki Cross
40%
32 (2016)7-Man Ladder matchIntercontinental TitleSin Cara
40%
32 (2016)7-Man Ladder matchIntercontinental TitleStardust
40%
31 (2015)7-Man Ladder matchIntercontinental TitleStardust
40%
XII (1996)6-Man Tag Team matchThe British Bulldog
40%
XI (1995)Tag Team matchThe British Bulldog
40%
XII (1996)6-Man Tag Team matchYokozuna
40%
XI (1995)Tag Team matchLex Luger
36%
III (1987)Tag Team matchRick Martel
36%
VI (1990)Rick Martel
36%
XII (1996)6-Man Tag Team matchAhmed Johnson
32%
VII (1991)Tag Team matchHaku
32%
V (1989)King Haku
32%
1 (1985)The Executioner
32%
XII (1996)6-Man Tag Team matchVader
32%
II (1986)Don Muraco
28%
III (1987)Tag Team matchDon Muraco
28%
13 (1997)4-Team Elimination matchMosh
28%
II (1986)Paul Orndorff
28%
IX (1993)Intercontinental TitleTatanka
28%
16 (2000)Tag Team matchThe Godfather
28%
III (1987)Tag Team matchTom Zenk
28%
13 (1997)4-Team Elimination matchBlackjack Windham
24%
13 (1997)4-Team Elimination matchHenry O. Godwinn
24%
13 (1997)4-Team Elimination matchPhineas I. Godwinn
24%
13 (1997)4-Team Elimination matchThrasher
24%
13 (1997)4-Team Elimination matchDoug Furnas
20%
V (1989)Hercules
20%
VI (1990)Koko B. Ware
20%
13 (1997)4-Team Elimination matchPhil LaFon
20%
VII (1991)Tag Team matchThe Barbarian
20%
16 (2000)Tag Team matchBull Buchanan
16%
XI (1995)Tag Team matchEli Blu
16%
XI (1995)Tag Team matchJacob Blu
16%

Score Distribution

Percentile by Number Answered

Percent of People with Each Score

Your Score History

You have not taken this quiz since the last reset